000 00268nam a2200097Ia 4500
005 20250424112858.0
008 250424s9999 xx 000 0 und d
300 _a56 p. :ill. ; 29 cm.
650 _a Risk (Insurance)--Periodicals. Insurance--Periodicals.
942 _cSR
999 _c37662
_d37662